Austria True or False? - Statistics

General Stats
  • This quiz has been taken 299 times
  • The average score is 9 of 15
Answer Stats
Question Answer % Correct
The currency of Austria is the Schilling? False
91%
The capital of Tyrol is Salzburg? False
80%
Austria borders Poland? False
76%
The German word for Austria is Österland? False
76%
The current President of Austria used to be a member of Austria's green party? True
76%
Austria appeared in a written document before England did? True
73%
More than 60% of Austrian land is part of the Alps? True
69%
The Austrian ski jumping team has performed a podium sweep more often than all other countries together? True
62%
The headquarters of the United Nations is in Vienna? False
60%
Every Austrian river leads into the Danube? False
56%
The majority of Austria's dialects are categorized as Bavarian? True
56%
The Roman Empire never conquered Austrian land north of the Danube? True
49%
The highest mountain of Austria is more than 4,000 m (13,000 ft) high? False
42%
The state religion of Austria is Catholicism? False
29%
In Austria you can legally drive a car at 15? True
29%
No matching quizzes found
Score Distribution
Percent of People with Each Score
Percentile by Number Answered
Your Score History
You have not taken this quiz